Les mille et une nuits, ou, La parole prisonniere

Αποθηκεύτηκε σε:
Λεπτομέρειες βιβλιογραφικής εγγραφής
Κύριος συγγραφέας: Bencheikh, Jamel Eddine
Μορφή: Βιβλίο
Γλώσσα:French
Δημοσίευση: [Paris] : Gallimard, c1988
Σειρά:Bibliotheque des idees
Ετικέτες: Προσθήκη ετικέτας
Δεν υπάρχουν, Καταχωρήστε ετικέτα πρώτοι!

MARC

LEADER 00000nam a2200000 i 4500
001 1/83147
008 980928s1988 fre d
020 |a 2-07-071398-9 
035 |l 10034121 
035 |a 1990  |b 1  |c Ζερβού 
040 |a GR-MY-UA  |b gre  |e aacr 
041 0 |a fre 
082 0 |a 398.22  |2 (20) 
100 1 |a Bencheikh, Jamel Eddine. 
245 1 4 |a Les mille et une nuits, ou, La parole prisonniere /  |c Jamel Eddine Bencheikh 
260 |a [Paris] :   |b Gallimard,   |c c1988 
300 |a 233 p.;  |c 234 cm 
490 1 |a Bibliotheque des idees 
830 0 |a Bibliotheque des idees 
852 |a INST  |b RHODES  |e 19980928  |h 398.22 BEN  |p 005400006223  |q 005400006223  |t BK  |y 0 
909 |a Ρ  |b 016834  |c 1990